000 00458nam a2200145Ia 4500
008 230917s9999||||xx |||||||||||||| ||und||
040 _e171941
_aMAIN
041 _aEnglish
082 _a891.431721 SM83D
100 _aसिसौतिया, मलखान सिंह
245 0 _aदीवारों के पार
260 _aदिल्ली
_bसाहित्य प्रकाशन
_c1974
300 _a138 पृ. p.
942 _cHN
999 _c206728
_d206728